000 00449nam a2200181Ia 4500
005 20240823060539.0
008 240823s9999||||xx |||||||||||||| ||und||
041 _aENGLISH
082 _A006.133 Q4
100 _a"Schildt,herbert"
245 4 _aThe Complete reference Java 2
250 _a5th
260 _c2014
_bTata Mcgraw Hill Education Pvt
500 _aTRANSFERED
650 _aJAVA
_bComputer Science
942 _cBK
999 _c231395
_d231395